000 00628nam a2200217 a 4500
001 BRCA_6745
005 20190320205556.0
008 241011s1899----mx-#######---#000-0#spa-#
041 _aspa
044 _amx
050 4 _aQB44
_b.F58 1899
100 1 _aFlammarion, Camille
_d1842-1925
_916288
245 1 0 _aFantasías estelarias
_cCamilo Flammarión; traducción de P. Eduardo de Bray.
260 _aMéxico
_bVda. de Ch. Bouret
_c1899
300 _a377 p.
_c18 cm.
500 _aEstado físico: encuadernación deteriorada y desprendida
500 _aL74
650 1 4 _aAstronomía
_97908
902 _aGFM
942 _2lcc
_cB
999 _c6428
_d6428